La Natura en acció : introducció a l'ecologia / equip del British Museum (Natural History) ; traducció catalana de Joan Domènec Ros introducció a l'ecologia / equip del British Museum (Natural History) ; traducció catalana de Joan Domènec Ros
Descripción Física:
84 p. : il., col. ; 22 cm
Otros Autores:
Domènec Ros, Joan
Materias:
Ecologia
MARC
| LEADER | 00000nam a2200000Ia 4500 | ||
|---|---|---|---|
| 001 | 8772 | ||
| 008 | 160829s1982 xx 000 0 cat d | ||
| 080 | |a C-1-315 | ||
| 110 | 2 | |a British Museum |9 55355 | |
| 245 | |a La Natura en acció : |b introducció a l'ecologia / equip del British Museum (Natural History) ; traducció catalana de Joan Domènec Ros | ||
| 260 | |a Barcelona : |b Ketres, |c 1982 | ||
| 300 | |a 84 p. : |b il., col. ; |c 22 cm | ||
| 590 | |a Edició especial per a la Diputació de Barcelona | ||
| 650 | |a Ecologia |9 37601 | ||
| 700 | 1 | |a Domènec Ros, Joan |9 19986 | |
| 710 | 1 | |a Barcelona (Catalunya : Província). |b Diputació |9 52408 | |
| 901 | |a Arxiu | ||
| 942 | |n 1 | ||
| 952 | |0 0 |1 0 |4 0 |6 C1315 |7 1 |9 41395 |a Arxiu |b Arxiu |d 2016-12-01 |l 0 |o C-1-315 |p 8772 |r 2016-12-01 00:00:00 |w 2016-12-01 |y ARXIU | ||
| 999 | |c 43202 |d 43202 | ||